000
00182 a2200097 4500
020
_a
9781594482571
041
_a
eng
100
_a
Hearn Lian,
245
_a
The Harsh cry
942
_c
BK
999
_c
10666
_d
10666